Гигиенические требования к аэроионному составу воздуха производственных и общественных помещений: Санитарно-эпидемиологические правила и нормативы СанПиН 2.2.4.1294-03

Dettagli Bibliografici
Ente Autore: Российская Федерация Федеральный центр госсанэпиднадзора
Lingua:russo
Pubblicazione: Москва, Федеральный центр госсанэпиднадзора Минздрава России, 2003
Edizione:официальное изд.
Serie:2.2.4. Гигиена труда. Физические факторы производственной среды
Soggetti:
Natura: MixedMaterials Libro
KOHA link:https://koha.lib.tpu.ru/cgi-bin/koha/opac-detail.pl?biblionumber=106200

MARC

LEADER 00000nam0a2200000 4500
001 106200
005 20231101214646.0
010 |a 5750804283 
029 0 0 |a RU  |b 2.2.4.1294-03  |c СанПиН 
035 |a (RuTPU)RU\TPU\book\114599 
090 |a 106200 
100 |a 20061201d2003 k y0rusy50 ca 
101 0 |a rus 
102 |a RU 
105 |a y l 001zy 
200 1 |a Гигиенические требования к аэроионному составу воздуха производственных и общественных помещений  |e Санитарно-эпидемиологические правила и нормативы СанПиН 2.2.4.1294-03  |f Федеральный центр госсанэпиднадзора 
205 |a официальное изд. 
210 |a Москва  |c Федеральный центр госсанэпиднадзора Минздрава России  |d 2003 
215 |a 11 с. 
225 1 |a 2.2.4. Гигиена труда. Физические факторы производственной среды 
229 |a Взамен СН № 2152-80  |a Утв. Гл. санитар. врачом РФ 18.04.03  |a Введ. в действие 15.06.03 Постановлением Гл. гос. санитар. врача РФ № 64 от 22.04.03 
320 |a Библиогр.: с. 10. 
320 |a Термины и определения: с. 10. 
610 1 |a санитария 
610 1 |a воздух 
610 1 |a аэроионный состав 
610 1 |a производственные помещения 
610 1 |a общественные помещения 
610 1 |a санитарно-эпидемиологические правила 
610 1 |a СанПин 2.2.4.1294-03 
675 |a 614.71(083)  |v 3 
712 0 2 |a Российская Федерация  |b Федеральный центр госсанэпиднадзора  |c (Москва)  |2 stltpush  |3 (RuTPU)RU\TPU\col\3223  |9 23783 
801 1 |a RU  |b 63413507  |c 20061201  |g PSBO 
801 2 |a RU  |b 63413507  |c 20221206  |g PSBO 
942 |c BK 
959 |a 100/20061130  |d 1  |e 60,00  |f ЧЗКДП:1